000
00299nam a22000977a 4500
008
160425b xxu||||| |||| 00| 0 eng d
082
_a
362.5 URT
100
_a
THE UNITED REPUBLIC OF TANZANIA.
245
_a
POVERTY WELFARE MONITORING INDICATORS
260
_a
DAR ES SALAAM,
_b
VICE PRESIDENT`S OFFICE,
_c
1999.
999
_c
4155
_d
4155